|
|
|
|
| LEADER |
01720nam a2200409 i 4500 |
| 001 |
EBC1394963 |
| 003 |
MiAaPQ |
| 005 |
20200520144314.0 |
| 006 |
m o d | |
| 007 |
cr cnu|||||||| |
| 008 |
131008s2013 enka o 001 0 eng|d |
| 020 |
|
|
|z 9781783280230
|
| 020 |
|
|
|a 9781783280247
|q (electronic bk.)
|
| 035 |
|
|
|a (MiAaPQ)EBC1394963
|
| 035 |
|
|
|a (Au-PeEL)EBL1394963
|
| 035 |
|
|
|a (CaPaEBR)ebr10769872
|
| 035 |
|
|
|a (CaONFJC)MIL522908
|
| 035 |
|
|
|a (OCoLC)859390012
|
| 040 |
|
|
|a MiAaPQ
|b eng
|e rda
|e pn
|c MiAaPQ
|d MiAaPQ
|
| 050 |
|
4 |
|a HF5548.32
|b .J66 2013
|
| 100 |
1 |
|
|a Jones, Richard.
|
| 245 |
1 |
0 |
|a Getting started with Drupal Commerce :
|b learn everything you need to know in order to get your first Drupal Commerce website set up and trading /
|c Richard Jones ; foreword by Robert Douglass, Director of Product Strategy, Commerce Guys.
|
| 264 |
|
1 |
|a Birmingham :
|b Packt Publishing,
|c 2013.
|
| 300 |
|
|
|a 1 online resource (152 pages) :
|b illustrations (chiefly color).
|
| 336 |
|
|
|a text
|2 rdacontent
|
| 337 |
|
|
|a computer
|2 rdamedia
|
| 338 |
|
|
|a online resource
|2 rdacarrier
|
| 440 |
|
0 |
|a Community experience distilled
|
| 500 |
|
|
|a Includes index.
|
| 588 |
|
|
|a Description based on online resource; title from PDF title page (ebrary, viewed October 8, 2013).
|
| 590 |
|
|
|a Electronic reproduction. Ann Arbor, MI : ProQuest, 2015. Available via World Wide Web. Access may be limited to ProQuest affiliated libraries.
|
| 630 |
0 |
0 |
|a Drupal (Computer file)
|
| 650 |
|
0 |
|a Electronic commerce.
|
| 650 |
|
0 |
|a Web sites
|x Design.
|
| 655 |
|
4 |
|a Electronic books.
|
| 797 |
2 |
|
|a ProQuest (Firm)
|
| 856 |
4 |
0 |
|u https://ebookcentral.proquest.com/lib/matrademy/detail.action?docID=1394963
|z Click to View
|